A társadalmi munkamegosztás és az értékkategóriák
Elmentve itt :
| Szerző: | |
|---|---|
| Adatforrás: | Philobibl |
| Forrásdokumentuma: | Világosság 15 1974/4., 224-231. p. |
| Dokumentumtípus: | Cikk |
| Nyelv: | magyar |
| Kulcsszavak: | gazdaságtan munkamegosztás érték |
| LEADER | 00394nab a2200133 c 4500 | ||
|---|---|---|---|
| 001 | bibDOK00009678 | ||
| 005 | 20200924120518.3 | ||
| 008 | 060518s1974 xx hun | ||
| 100 | 1 | |a Vilmos József | |
| 245 | 1 | 2 | |a A társadalmi munkamegosztás és az értékkategóriák |c Vilmos József |
| 695 | |a gazdaságtan | ||
| 695 | |a munkamegosztás | ||
| 695 | |a érték | ||
| 773 | 0 | |t Világosság 15 |g 1974/4., 224-231. p. | |